Bardkontakt 2008 : problematika mestských pamiatkových centier : zborník prednášok, 26. - 27. august 2008 /
Saved in:
| Main Author: | |
|---|---|
| Format: | Book |
| Language: | Slovak |
| Published: |
Bardejov :
Mesto Bardejov,
2008
|
| Edition: | [1. vyd.] |
| Subjects: | |
| ISBN: | 9788096998876 |
| Online Access: |
|
| Tags: |
Add Tag
No Tags, Be the first to tag this record!
|
MARC
| LEADER | 00000nam a2200000 4500 | ||
|---|---|---|---|
| 003 | SK-BrCVT | ||
| 005 | 20220621165616.0 | ||
| 008 | 080923s2008 xo e ||||||slo d | ||
| 020 | |a 9788096998876 | ||
| 035 | |a CVTIDW1459286 | ||
| 040 | |b slo |a CVTI SR |e AACR2 | ||
| 041 | 0 | |a slo | |
| 044 | |a xo | ||
| 080 | |a 719 |2 UDC-MRF | ||
| 080 | |a 904 |2 UDC-MRF | ||
| 080 | |a 628.9 |2 UDC-MRF | ||
| 100 | 1 | |a Polomová, Beata | |
| 245 | 1 | 0 | |a Bardkontakt 2008 : |b problematika mestských pamiatkových centier : zborník prednášok, 26. - 27. august 2008 / |c Autori: B. Polomová ... [et al.] |
| 250 | |a [1. vyd.] | ||
| 260 | |a Bardejov : |b Mesto Bardejov, |c 2008 | ||
| 300 | |a 162 s. : |b fotogr., grafy, lit., obr., tab. ; | ||
| 653 | 1 | |a mestská pamiatková rezervácia |a pamiatkový výskum |a osvetlenie pamiatky |a iluminácia |a LED svietidlo |a kultúrne dedičstvo |a technológia Aquapol |a odvlhčenie | |
| 910 | |b A605917 | ||
| 919 | |a 978-80-969988-7-6 | ||
| 974 | |f Knihy | ||
| 992 | |a AZN | ||
| 999 | |c 171294 |d 171294 | ||

